Producción y balance nutricional parcial de vacas Holstein de primer parto en lactancia suplementadas con metionina y grasa de sobrepaso / (Record no. 165341)
[ view plain ]
| 000 -CABECERA | |
|---|---|
| campo de control de longitud fija | 00999nam a2200301Ia 4500 |
| 001 - NÚMERO DE CONTROL | |
| campo de control | Z_2286 |
| 003 - IDENTIFICADOR DEL NÚMERO DE CONTROL | |
| campo de control | CHAP |
| 008 - DATOS DE LONGITUD FIJA--INFORMACIÓN GENERAL | |
| campo de control de longitud fija | 220113s2000 xx 000 0 und d |
| 010 ## - NÚMERO DE CONTROL DE LA BIBLIOTECA DEL CONGRESO | |
| Número de control de LC | 165341 |
| 040 ## - FUENTE DE LA CATALOGACIÓN | |
| Centro/agencia transcriptor | CHAP |
| 090 ## - LOCALMENTE ASIGNADO TIPO-LC NÚMERO DE CLASIFICACIÓN (OCLC); NÚMERO DE CLASIFICACIÓN LOCAL (RLIN) | |
| Número de clasificación (OCLC) (R) ; Numero de clasificación, CALL (RLIN) (NR) | Tesis G 1435 |
| 100 ## - ENTRADA PRINCIPAL--NOMBRE DE PERSONA | |
| Nombre de persona | Gómez Heras, Francisco Javier |
| 9 (RLIN) | 49742 |
| 245 ## - MENCIÓN DE TÍTULO | |
| Título | Producción y balance nutricional parcial de vacas Holstein de primer parto en lactancia suplementadas con metionina y grasa de sobrepaso / |
| Mención de responsabilidad, etc. | por Francisco Javier Gómez Heras y José Abner Fraga Aguilar |
| 260 ## - PUBLICACIÓN, DISTRIBUCIÓN, ETC. | |
| Lugar de publicación, distribución, etc. | Chapingo, Méx. : |
| Nombre del editor, distribuidor, etc. | El autor, |
| Fecha de publicación, distribución, etc. | 2000 |
| 300 ## - DESCRIPCIÓN FÍSICA | |
| Extensión | 96 h. |
| 502 ## - NOTA DE TESIS | |
| Nota de tesis | Tesis (Ing. Agr. Esp. en Zootecnia) -- UACH. Departamento de Zootecnia |
| 650 ## - PUNTO DE ACCESO ADICIONAL DE MATERIA--TÉRMINO DE MATERIA | |
| Término de materia o nombre geográfico como elemento de entrada | Ganado Holstein |
| 9 (RLIN) | 45133 |
| 650 ## - PUNTO DE ACCESO ADICIONAL DE MATERIA--TÉRMINO DE MATERIA | |
| Término de materia o nombre geográfico como elemento de entrada | Grasas y aceites en nutrición animal |
| 9 (RLIN) | 50455 |
| 650 ## - PUNTO DE ACCESO ADICIONAL DE MATERIA--TÉRMINO DE MATERIA | |
| Término de materia o nombre geográfico como elemento de entrada | Materia seca |
| 9 (RLIN) | 72933 |
| 650 ## - PUNTO DE ACCESO ADICIONAL DE MATERIA--TÉRMINO DE MATERIA | |
| Término de materia o nombre geográfico como elemento de entrada | Metionina |
| 9 (RLIN) | 75235 |
| 700 ## - PUNTO DE ACCESO ADICIONAL--NOMBRE DE PERSONA | |
| Nombre de persona | Fraga Aguilar, José Abner |
| 9 (RLIN) | 42837 |
| 901 ## - ELEMENTOS DE DATOS A LOCAL LDA (RLIN) | |
| a | TESIS G 1435 |
| 902 ## - ELEMENTOS DE DATOS B LOCAL, LDB (RLIN) | |
| a | M |
| 910 ## - DATOS DE OPCIÓN DEL USUARIO (OCLC) | |
| Datos de opción del usuario | 2000 |
| 942 ## - ELEMENTOS DE PUNTO DE ACCESO ADICIONAL (KOHA) | |
| Tipo de ítem Koha | Tesis_ |
| 942 ## - ELEMENTOS DE PUNTO DE ACCESO ADICIONAL (KOHA) | |
| Tipo de ítem Koha | Tesis_ |
| Estado de retiro | Estado de pérdida | Fuente del sistema de clasificación o colocación | Estado dañado | No para préstamo | Código de colección | Localización permanente | Ubicación/localización actual | Fecha de adquisición | Fuente de adquisición | Total de préstamos | Signatura topográfica completa | Código de barras | Fecha visto por última vez | Número de copia | Precio válido a partir de | Tipo de ítem Koha | Restricciones de uso | Fecha del último préstamo |
|---|---|---|---|---|---|---|---|---|---|---|---|---|---|---|---|---|---|---|
| Clasificación Universidad Autónoma de Chapingo | Excluido de préstamo | Tesis | Zootecnia | Zootecnia | 09/11/2005 | EL autor | Tesis G664 1435 2000 | 5101002287 | 18/01/2022 | Ej.1 | 18/01/2022 | Tesis | ||||||
| Clasificación Universidad Autónoma de Chapingo | Tesis | Zootecnia | Zootecnia | 09/11/2005 | EL autor | 4 | Tesis G664 1435 2000 | 5101002288 | 05/06/2023 | Ej.2 | 18/01/2022 | Tesis | Préstamo interno | 05/06/2023 |
